Giáo trình nghiệp vụ bảo hiểm
Nội dung giáo trình " Nghiệp vụ bảo hiểm" trình bày các vấn đề về kinh doanh bảo hiểm phi nhân thọ; Kinh doanh bảo hiểm nhân thọ; Bảo hiểm xã hội
Kaydedildi:
| Yazar: | |
|---|---|
| Materyal Türü: | Kitap |
| Dil: | Undetermined |
| Baskı/Yayın Bilgisi: |
Hà Nội
Tài Chính
2005
|
| Konular: | |
| Etiketler: |
Etiketle
Etiket eklenmemiş, İlk siz ekleyin!
|
| Thư viện lưu trữ: | Trung tâm Học liệu Trường Đại học Cần Thơ |
|---|
| LEADER | 00904nam a2200229Ia 4500 | ||
|---|---|---|---|
| 001 | CTU_135083 | ||
| 008 | 210402s9999 xx 000 0 und d | ||
| 020 | |c 35000 | ||
| 082 | |a 368 | ||
| 082 | |b L120 | ||
| 100 | |a Trương, Mộc Lâm | ||
| 245 | 0 | |a Giáo trình nghiệp vụ bảo hiểm | |
| 245 | 0 | |c Trương Mộc Lâm, Đoàn Minh Phụng | |
| 260 | |a Hà Nội | ||
| 260 | |b Tài Chính | ||
| 260 | |c 2005 | ||
| 520 | |a Nội dung giáo trình " Nghiệp vụ bảo hiểm" trình bày các vấn đề về kinh doanh bảo hiểm phi nhân thọ; Kinh doanh bảo hiểm nhân thọ; Bảo hiểm xã hội | ||
| 650 | |a Trung tâm Học liệu ĐH Cần Thơ,Insurance,Insurance | ||
| 650 | |x Bảo hiểm,Government policy | ||
| 650 | |z vietnam | ||
| 904 | |i Năm | ||
| 980 | |a Trung tâm Học liệu Trường Đại học Cần Thơ | ||